000 00594nam a2200229Ia 4500
003 OSt
005 20221007072032.0
006 a|||||r|||| 00| 0
007 ta
008 221006b |||||||| |||| 00| 0 eng d
024 _a28,632
037 _cTextual
040 _aFLL
_cFLL
_beng
041 _2eng
_aeng
082 _aZQ7, H9
100 _aFyzee Asaf A.A.
245 0 _aOutlines of Muhammadan law
260 _aLondon
_bOxford University Press London
_c1949
300 _axvi,443p
_ccm.
942 _hZQ7, H9
_cTEXL
_2CC
999 _c1145052
_d1145052